000 00416nam a22001577a 4500
003 MPLRDC
005 20220104114738.0
008 210129b ||||| |||| 00| 0 eng d
082 _a177.3 CAR v.1 c.13
100 _aDALE CARNEGIE 原著
245 _a人性的弱点
_c林文毅译
260 _a
_b崑仑出版公司
_c
300 _b
650 _a应用心理学--人际关系
942 _cBK
_o177.3 CAR v.1 c.13
999 _c9891
_d9881